000 00595nam a2200229Ia 4500
003 OSt
005 20220923214739.0
006 a|||||r|||| 00| 0
007 ta
008 220922b |||||||| |||| 00| 0 hin d
024 _a172,288
037 _cTextual
040 _aARTS
_cARTS
_bhin
041 _2hin
_ahin
082 _aO152:3N336:1, L3
100 _aपरूलकर, मालती
245 0 _aइन्नी
246 _aInnī
260 _c1973
942 _hO152:3N336:1, L3
_cTEXL
_2CC
999 _c326352
_d326352